00851nam a2200217Ia 4500003000900000008004100009020001800050040001600068080002200084111011000106245022800216260003400444300001600478490003000494650001400524650001600538650001800554650001400572700002200586700002500608IN-BaIIA211028s9999 xx 000 0 eng d a3-540-00205-7 cIIA Library a524.7(082.2)bTHE aEuropean Southern Observatory and Universitats-Sternwarte Muchen WorkshopcVenice, Italyd2001 Oct. 24-26 4aThe Mass of galaxies at low and high redshiftbproceedings of the european southern observatory and universitats-sternwarte muchen workshop held in Venice, Italy, October 24-26, 2001cedited by Ralf Bender and Alvio Renzini aBerlinbSpringer-Verlagc2003 axxii, 363p. aESO astrophysics symposia aBHB stars aDark matter aGalaxy masses aMilky way aBender, Ralf, ed. aRenzini, Alvio., ed.